| 000 | 00616nam a2200205 a 4500 | ||
|---|---|---|---|
| 999 |
_c7404 _d7404 |
||
| 003 | OSt | ||
| 005 | 20211117135928.0 | ||
| 008 | 970528s1969 sp 000 cat | ||
| 016 | _aDL B. 4451-1969 | ||
| 040 |
_bcat _cCDMR |
||
| 100 |
_aPous i Pagès, Josep _94708 |
||
| 245 | 1 | 0 |
_aPere Coromines i el seu temps / _cJ. Pous i Pagès ; pròleg de Joan Triadú |
| 260 |
_aBarcelona : _bEdicions 62, _c1969 |
||
| 300 | _a92 pàgines | ||
| 490 | 0 |
_aAntologia catalana ; _v46 |
|
| 600 | 0 |
_aCoromines, Pere _94710 |
|
| 650 | 0 |
_93139 _aPeriodistes catalans _vBiografia |
|
| 700 |
_aTriadú, Joan _94709 |
||
| 942 |
_2udc _cMON |
||